000
00279nam a2200097Ia 4500
001
798343
005
20250826170825.0
008
250824s9999 xx 000 0 und d
245
0
_a
SABRİ CEMİL 1. UZAYDA HAYVANAT VAR MI?
_c
MUHİDDİN YENİGÜL
260
_b
UĞUR BÖCEĞİ YAYINLARI
999
_c
798343
_d
798343